Statistics for Guess A Valid Country #2: Country Name Categories

Click here to take the quiz!

General Stats

  • This quiz has been taken 137 times
  • The average score is 12 of 15

Answer Stats

Guess a country that...Answers% Correct
Starts with Tu but NOT TurkeyTunisia/Turkmenistan/Tuvalu
100%
Starts with A but in AfricaAlgeria/Angola
97%
Is an Asian country with 4 lettersIran/Iraq/Laos/Oman
93%
Begins with ZZambia/Zimbabwe
93%
Starts with N and has 5 lettersNauru/Nepal/Niger
90%
Has the first word "North"North Korea/North Macedonia
89%
Starts with C and has 4 lettersChad/Cuba
83%
Ends in "lia"Australia/Mongolia/Somalia
82%
Has a single word country name with exactly 10 letters and in EuropeLuxembourg/Montenegro
78%
Has more than 25 letters in the name (i shortened the answers)F.S. Micronesia/D.R. Congo/St. Vincent and the Grenadines
76%
Has a single word country name with 12 or 13 lettersLiechtenstein/Turkmenistan
72%
Ends in R and is in AsiaEast Timor/Myanmar/Qatar
70%
Ends in a unique letter that no other country hasLuxembourg/Bangladesh/Denmark/Iraq
68%
Has Saint in the name but not in North America (they have a form of "saint" in their name)San Marino/Sao Tome and Principe
68%
Starts with R but doesn't end in A (hint: In Africa)Republic of the Congo
48%

Score Distribution

Percentile by Number Answered

Percent of People with Each Score

Your Score History

You have not taken this quiz